000 00491nam a2200157Ia 4500
008 160316s1992 xxu||||| |||| 00| 0 eng d
082 _a305.800000
_bBER
100 _aBerque Jacques
245 _aNew minority groups in the citadel of Europe
250 _a
260 _aStrasbourg
_bCouncill of Europe
_c1992
300 _a57p
_b
_c
365 _b
650 _a1. Monitoring Groups - Intercultural - European Cities 2. MIgrants - Education - Cultural Development - Europe
700 _a
_a
999 _c18537
_d18537